| 000 | 00595nam a2200205Ia 4500 | ||
|---|---|---|---|
| 005 | 20250923145949.0 | ||
| 008 | 008 250917s9999 xx 000 0 eng d | ||
| 037 | _aTextual | ||
| 040 |
_aDSWL _beng _cDSWL |
||
| 041 |
_aeng _2eng |
||
| 084 |
_aYXxN29, N90;1 _qDSWL |
||
| 100 |
_aRamachandran, P. _9840793 |
||
| 245 | 0 |
_aIssues in Social Work Research in India _c by P. Ramachandran |
|
| 260 |
_aBombay _bTata Institute of Social Sciences _c1990 |
||
| 300 | _ax,160 p. | ||
| 365 | _bGift | ||
| 925 | _gGift | ||
| 942 |
_cTEXL _hYXxN29, N90;1 |
||
| 999 |
_c1457893 _d1457893 |
||